EToH - All SC Towers By Frame - Statistics

General Stats
  • This quiz has been taken 42 times
    21 since last reset
  • The average score is 42 of 51
Answer Stats
Picture Answer % Correct
Tower of Bloodthirsty Kenos
94%
Tower of Cruel Punishment
94%
Tower of Difficulty Chart
94%
Tower of Elongated Runs
94%
Tower of Inception
94%
Tower of Speeding Right Through
94%
Tower of Wildly Wacky Wonders
94%
Tower of Double Trouble
93%
Tower of Generation Failure
93%
Tower of Hopeless Hell
93%
Tower of Infinity Gauntlet
93%
Tower of Alien Radiance
88%
Tower of Astral Eclipse
88%
Tower of Champion's Road
88%
Tower of Confusion
88%
Tower of Frightening Nightmares
88%
Tower of Icy Blizzards
88%
Tower of Panelling Barricades
88%
Tower of Tee Hee Time
88%
Tower of Unsettling Heights
88%
Tower of Extreme Hell
87%
Tower of Journey's End
87%
Tower of Mind Breaking
87%
Tower of Bent Trauma
81%
Tower of Descent Into Exile
81%
Tower of Hollow Reformations
81%
Tower of Impossible Movement
81%
Tower of Inevitable Failure
81%
Tower of Rough Endoplasmic Reticulum
81%
Tower of Suffering Outside
81%
Tower of Thinning Layers
81%
Tower of Vivid Sections
81%
Tower of Curved Ascent
80%
Tower of Empty Meaningless Patterns
80%
Tower of Micro Management
80%
Tower of Polychromatic Zero
80%
Tower of Raging Tempest
80%
Tower of Rain on My World
80%
Tower of Astronomically Aimless Annoyances
75%
Tower of Blast Power
75%
Tower of Fractured Memories
75%
Tower of High Adrenaline
75%
Tower of Nervous Sweating
75%
Tower of The Dripping Amalgam
75%
Tower of Wicked Fortress
75%
Tower of Externalizing Insanity
73%
Tower of Frightening and Confusing Trials
71%
Tower of Augmented Misery
69%
Tower of Complexity and Volatility
69%
Tower of Strategic Mechanics
69%
Tower of Terrifying Beauty
69%
Tower of Uncanny Agony
69%
No matching quizzes found
Score Distribution
Percent of People with Each Score
Percentile by Number Answered
Your Score History
You have not taken this quiz since the last reset